[Event "1/64 Finale"]
[Site "www.chess-mail.com"]
[Date "2015.11.09"]
[Round "1"]
[White "Szustan"]
[Black "Chiccogianca"]
[WhiteElo "2710"]
[BlackElo "2080"]
[Result "1-0"]
[Round "1"]
1.e4 b6
2.d4 Bc8b7
3.Nb1c3 g6
4.Ng1f3 Bf8g7
5.Bf1c4 e6
6.O-O d6
7.d5 e5
8.Bc1g5 Ng8e7
9.a4 a6
10.b3 O-O
11.Qd1d2 Nb8d7
12.Rf1e1 Qd8e8
13.h3 Kh8
14.Ra1d1 Ne7g8
15.Nf3h4 h6
16.Bg5e3 Kh7
17.g3 Ng8e7
18.g4 Bb7c8
19.Bc4e2 Nd7f6
20.Be2f1 Nf6g8
21.Bf1d3 Bg7f6
22.Nh4g2 Bf6g7
23.f4 exf4
24.Be3xf4 Ng8f6
25.e5 dxe5
26.Bf4xe5 Nf6d7
27.Be5xg7 Kxg7
28.Qd2e3 Nd7c5
29.Qe3e5 Kg8
30.Qe5xe7 Qe8xe7
31.Re1xe7 Nc5xd3
32.Rd1xd3 c5
33.Ng2f4 a5
34.d6 Bc8a6
35.Rd3e3 Ra8d8
36.Nc3e4 Kg7
37.Nf4e6 Kg8
38.Ne4f6 Kh8
39.Ne6xd8 Rf8xd8
40.Re7xf7 h5
41.Rf7h7 { resign }
1-0

[Event "Fast Game"]
[Site "www.echecsemail.com"]
[Date "2015.11.09"]
[Round "1"]
[White "Jhw"]
[Black "Attatroll"]
[WhiteElo "1710"]
[BlackElo "1770"]
[Result "1-0"]
[Round "1"]
1.e4 e6
2.b3 Ng8f6
3.Qd1e2 Bf8c5
4.g3 O-O
5.Bc1b2 d5
6.d4 Bc5b6
7.e5 Nf6e4
8.Bf1g2 Nb8d7
9.Bg2xe4 dxe4
10.Qe2xe4 Rf8e8
11.Ng1f3 Nd7f8
12.h4 Ra8b8
13.Nf3g5 h6
14.Ng5f3 Bc8d7
15.Nb1d2 Bd7c6
16.Qe4d3 a6
17.g4 Qd8d5
18.O-O-O Qd5a5
19.a3 Rb8d8
20.a4 Bb6a7
21.c4 b5
22.c5 bxa4
23.Nd2c4 Qa5b4
24.bxa4 Ba7xc5
25.Bb2a3 Qb4b7
26.Nc4a5 Qb7b6
27.Na5xc6 Bc5xa3
28.Kd2 Qb6xc6
29.Qd3xa3 Nf8g6
30.Ke3 f6
31.h5 Ng6e7
32.Rd1c1 Ne7d5
33.Kd2 Qc6b6
34.a5 Qb6b5
35.Rc1b1 Qb5c4
36.Rh1c1 Nd5c3
37.Rc1xc3 Qc4d5
38.Rc3xc7 fxe5
39.Rb1b7 exd4
40.Rc7xg7 Kh8
41.Rg7h7 Kg8
42.Rb7g7 
1-0

[Event "Fast Game"]
[Site "www.echecsemail.com"]
[Date "2015.11.09"]
[Round "1"]
[White "Fabos12"]
[Black "Gatrooper"]
[WhiteElo "1619"]
[BlackElo "1290"]
[Result "0-1"]
[Round "1"]
1.Ng1f3 Nb8c6
2.d4 d5
3.e3 a6
4.c4 dxc4
5.Bf1xc4 Bc8e6
6.Bc4xe6 fxe6
7.Nb1c3 Ng8f6
8.e4 h6
9.O-O Qd8d7
10.Bc1e3 Nf6g4
11.Be3f4 O-O-O
12.h3 Ng4f6
13.Nf3e5 Nc6xe5
14.dxe5 Qd7xd1
15.Rf1xd1 g5
16.Bf4e3 Rd8xd1
17.Ra1xd1 Nf6d7
18.f4 Bf8g7
 { time }
0-1

[Event "Tourn. n8318"]
[Site "www.chess-mail.com"]
[Date "2015.11.10"]
[Round "1"]
[White "Roserl"]
[Black "Xkafi"]
[WhiteElo "1900"]
[BlackElo "1960"]
[Result "0-1"]
[Round "1"]
1.e4 e5
2.Ng1f3 Qd8f6
3.Nb1c3 c6
4.d4 d6
5.dxe5 dxe5
6.Bf1c4 Bf8e7
7.O-O h6
8.h3 Nb8d7
9.Bc1e3 Nd7b6
10.Bc4b3 Bc8d7
11.Qd1e2 g5
12.Nc3a4 Nb6c8
13.Na4c5 b5
14.Ra1d1 Nc8b6
15.Rd1d2 g4
16.hxg4 Bd7xg4
17.Rd2d3 Qf6g6
18.Nc5a6 Ra8c8
19.Be3c5 Ng8f6
20.Rf1e1 Be7xc5
21.Na6xc5 Nf6h5
22.Nf3xe5 Bg4xe2
23.Ne5xg6 fxg6
24.Re1xe2 Nh5f4
25.Re2d2 Nf4xd3
26.Rd2xd3 Rh8h7
27.Bb3e6 Rc8d8
28.b3 Rh7e7
29.f4 h5
30.Kf2 Re7g7
31.Be6h3 g5
32.g3 gxf4
33.gxf4 Rd8xd3
34.cxd3 Ke7
35.f5 h4
36.d4 Rg7g3
37.Bh3f1 Rg3c3
38.a3 Kf6
39.Bf1e2 Rc3c2
40.Kf3 h3
41.Be2f1 Kg5
42.Bf1xh3 Kh4
43.Bh3g2 Rc2c3
44.Kf4 Rc3g3
45.Bg2f3 Nb6c8
46.f6 Nc8d6
47.e5 Nd6f7
48.e6 Nf7g5
49.Bf3xc6 Rg3g4
50.Ke5 { time. }
0-1

[Event "Tourn. n8469"]
[Site "www.chess-mail.com"]
[Date "2015.11.10"]
[Round "1"]
[White "Mitja"]
[Black "Bojan"]
[WhiteElo "2000"]
[BlackElo "2020"]
[Result "0-1"]
[Round "1"]
1.d4 d5
2.e3 a6
3.c3 Nb8c6
4.h3 g6
5.Ng1e2 Bf8g7
6.Ne2g3 e5
7.dxe5 Nc6xe5
8.Nb1d2 c6
9.Nd2f3 Qd8d6
10.Nf3xe5 Bg7xe5
11.Ng3e2 f5
12.f4 Be5g7
13.Ne2d4 c5
14.Nd4b3 b6
15.Bf1e2 Ng8f6
16.Be2f3 Nf6e4
17.Bf3xe4 fxe4
18.Bc1d2 h6
19.Qd1e2 Bc8d7
20.Ra1d1 Bg7f6
21.Qe2f2 Qd6e7
22.g3 O-O-O
23.Nb3a1 g5
24.b3 Kb7
25.Na1c2 Rh8f8
26.a4 Bd7e6
27.Rd1b1 gxf4
28.exf4 Bf6e5
29.Bd2e3 Be5xc3
30.Be3d2 Bc3xd2
31.Qf2xd2 d4
32.Nc2a3 Be6d5
33.Na3c4 e3
34.Qd2h2 Qe7e4
35.Ke2 Qe4c2
{ resign }
0-1

[Event "Tourn. n8463"]
[Site "www.chess-mail.com"]
[Date "2015.11.10"]
[Round "1"]
[White "Guidom"]
[Black "Cardiff"]
[WhiteElo "2090"]
[BlackElo "1840"]
[Result "0-1"]
[Round "1"]
1.e4 d6
2.d4 Ng8f6
3.Nb1c3 c6
4.Ng1f3 g6
5.Bf1d3 Bf8g7
6.O-O O-O
7.Bc1g5 Bc8g4
8.h3 Bg4xf3
9.Qd1xf3 Nb8d7
10.Ra1d1 Qd8c7
11.Rf1e1 e5
12.Nc3e2 h6
13.Bg5h4 Rf8e8
14.c3 a5
15.Bd3c2 a4
16.a3 Nf6h7
17.Qf3d3 Nd7b6
18.f4 exf4
19.Ne2xf4 Nh7f8
20.Bh4g3 Qc7d7
21.d5 cxd5
22.Nf4xd5 Nb6xd5
23.Qd3xd5 Qd7c7
24.Bg3xd6 Qc7b6
25.Bd6c5 Qb6c7
26.Qd5d6 Qc7a5
27.Bc5b4 Qa5g5
28.Qd6c7 Bg7e5
29.Bb4d6 Be5xd6
30.Qc7xd6 Ra8d8
31.Qd6b4 Nf8e6
32.Qb4b6 Ne6f4
33.g4 Nf4xh3
34.Kh2 Qg5h4
35.Rd1xd8 Re8xd8
36.Qb6e3 Nh3f4
37.Kg1 Qh4xg4
{ resign }
0-1

[Event "Tourn. n8421"]
[Site "www.chess-mail.com"]
[Date "2015.11.10"]
[Round "1"]
[White "Crull"]
[Black "Neo"]
[WhiteElo "1740"]
[BlackElo "1810"]
[Result "0-1"]
[Round "1"]
1.d4 d5
2.c4 e6
3.Ng1f3 c6
4.Nb1c3 g6
5.Bc1g5 Ng8f6
6.e3 Bf8g7
7.Bf1d3 O-O
8.Bg5f4 Nb8d7
9.Bf4d6 Rf8e8
10.c5 Nf6e4
11.Nc3xe4 dxe4
12.Bd3xe4 Qd8a5
13.Nf3d2 Nd7f6
14.Be4f3 Nf6d5
15.O-O Bg7h6
 { time }
0-1

[Event "Tourn. n8421"]
[Site "www.chess-mail.com"]
[Date "2015.11.10"]
[Round "1"]
[White "Cardiff"]
[Black "Crull"]
[WhiteElo "1780"]
[BlackElo "1740"]
[Result "1-0"]
[Round "1"]
1.d4 Ng8f6
2.c4 g6
3.b3 d5
4.Ng1f3 Bf8g7
5.Bc1b2 Bc8g4
6.e3 c6
7.Bf1e2 O-O
8.O-O Nb8d7
9.Nb1d2 Qd8c7
10.h3 Bg4xf3
11.Be2xf3 Nd7b6
12.Ra1c1 Nb6d7
13.cxd5 Nf6xd5
14.Bf3xd5 cxd5
15.Rc1xc7  { time }
1-0

[Event "Tourn. n8362"]
[Site "www.chess-mail.com"]
[Date "2015.11.10"]
[Round "1"]
[White "Dulap"]
[Black "Farnation"]
[WhiteElo "999"]
[BlackElo "1220"]
[Result "1-0"]
[Round "1"]
1.e4 e5
2.Ng1f3 d5
3.exd5 Qd8xd5
4.Nb1c3 Qd5d6
5.d3 Nb8c6
6.Bf1e2 Nc6d4
7.O-O Bc8g4
8.Rf1e1 e4
9.Nc3xe4 Qd6d5
10.Ne4c3 Qd5d6
11.h3 Bg4f5
12.Nf3xd4 Qd6xd4
13.Be2f3 Bf8e7
14.Bf3xb7 Ra8b8
15.Bb7c6 Bf5d7
16.Bc6xd7 Kxd7
17.Bc1e3 Qd4f6
18.Be3xa7 Rb8a8
19.Nc3d5 Qf6d6
20.Nd5xe7 Ng8xe7
21.Ba7e3 Ne7f5
22.Qd1g4 g6
23.Be3f4 Qd6b4
24.b3 c5
25.Re1e4 Qb4c3
26.Ra1e1 Ra8xa2
27.Bf4e5 Qc3xc2
28.Be5xh8 Qc2xf2
29.Kh1 Qf2xe1
30.Re4xe1 Ra2a3
31.Qg4a4 Ra3xa4
32.bxa4 g5
33.a5 Nf5d6
34.a6 Nd6c8
35.Re1b1 f5
36.Rb1b7 Kc6
37.Bh8e5 h5
38.Rb7c7 Kd5
39.Rc7xc8 Kxe5
40.Rc8xc5 Kd6
41.Rc5c4 f4
42.a7 f3
43.gxf3 g4
44.a8Q gxf3
45.Qa8c6 Ke5
46.Qc6b5 Kd6
47.Rc4c6 { resign }
1-0

[Event "Tourn. n8407"]
[Site "www.chess-mail.com"]
[Date "2015.11.10"]
[Round "1"]
[White "Raven16"]
[Black "Nikas"]
[WhiteElo "1499"]
[BlackElo "1499"]
[Result "1-0"]
[Round "1"]
1.e4 e5
2.Ng1f3 Nb8c6
3.Bf1b5 a6
4.Bb5a4 b5
5.Ba4b3 Ng8f6
6.O-O Bf8c5
7.c3 Bc5a7
8.d4 d6
9.dxe5 dxe5
10.Qd1xd8 Nc6xd8
11.Nf3xe5 O-O
12.Rf1e1 Rf8e8
13.Bc1f4 c5
14.Nb1d2 c4
15.Bb3c2 Ba7b8
16.Nd2f3 Nd8e6
17.Bf4g3 Bb8xe5
18.Bg3xe5 Nf6d7
19.Be5d6 Ne6c5
20.Ra1d1 Nc5e6
21.Nf3d4 Bc8b7
22.Nd4xe6 Re8xe6
23.e5 g6
24.f4 Nd7b6
25.Bc2e4 Bb7xe4
26.Re1xe4 Ra8d8
27.Re4d4 Nb6c8
28.Bd6c5 Rd8e8
29.Rd4d7 Re6c6
30.Bc5b4 Kg7
31.Rd7b7 Rc6b6
32.Rd1d7 Rb6xb7
33.Rd7xb7 Re8e6
34.Rb7b8 Nc8b6
35.Bb4f8 { resign }
1-0

[Event "Tourn. n8455"]
[Site "www.chess-mail.com"]
[Date "2015.11.10"]
[Round "1"]
[White "Nikas"]
[Black "Dulap"]
[WhiteElo "1499"]
[BlackElo "1619"]
[Result "0-1"]
[Round "1"]
1.Ng1f3 d5
2.d4 Ng8f6
3.Nb1c3 e6
4.g3 c5
5.e3 Nb8c6
6.Bf1g2 Bf8e7
7.O-O O-O
8.Nc3e2 Bc8d7
9.c3 Qd8c7
10.dxc5 Be7xc5
11.Ne2d4 Ra8c8
12.Nd4xc6 bxc6
13.b4 Bc5b6
14.a4 a5
15.Bc1b2 Nf6e4
16.Nf3d2 Ne4xd2
17.Qd1xd2 Rf8d8
18.Ra1c1 c5
19.Bg2f3 Bd7xa4
20.bxa5 Bb6xa5
21.Bf3h5 d4
22.exd4 cxd4
23.Qd2e2 d3
24.Qe2e4 Ba4c2
25.Qe4g4 Ba5xc3
26.Bb2xc3 Qc7xc3
27.Qg4a4 Bc2xa4
{ resign }
0-1

[Event "Tourn. n8405"]
[Site "www.chess-mail.com"]
[Date "2015.11.10"]
[Round "1"]
[White "Norlavuaram"]
[Black "Liencam2"]
[WhiteElo "2150"]
[BlackElo "2260"]
[Result "1/2-1/2"]
[Round "1"]
1.e4 c5
2.Ng1f3 e6
3.g3 d5
4.exd5 Qd8xd5
5.Bf1g2 Qd5e4
6.Kf1 Qe4c4
7.d3 Qc4a6
8.Kg1 Ng8f6
9.h3 Nb8c6
10.Nb1c3 Bf8d6
11.Kh2 Qa6b6
12.b3 Qb6c7
13.Nc3b5 Qc7e7
14.Nb5xd6 Qe7xd6
15.Bc1b2 Nc6d4
16.Nf3xd4 cxd4
17.a4 h5
18.Rh1e1 h4
19.Qd1f3 Ra8b8
20.Qf3f4 Qd6xf4
21.gxf4 Nf6h5
22.Bb2xd4 Nh5xf4
23.Bd4e5 Nf4xg2
24.Be5xb8 Ng2xe1
25.Ra1xe1 a6
26.Bb8e5 f6
27.Be5c3 Kf7
28.Re1e4 Bc8d7
29.Re4c4 Bd7c6
30.Bc3a5 g5
31.f4 Kg6
32.fxg5 Kxg5
33.Rc4g4 Kf5
34.Ba5e1 Bc6f3
35.Rg4c4 Rh8g8
36.Be1xh4 Rg8g2
37.Kh1 Rg2xc2
38.Kg1 Rc2xc4
39.dxc4 Bf3d1
40.a5 Bd1xb3
41.c5 Bb3d1
42.Kf2 Ke5
43.Bh4g3 Kd4
44.Bg3d6 f5
45.Kg3 e5
46.h4 e4
47.Kf4 Bd1g4
48.Kg5 e3
49.Bd6g3 Kxc5
50.h5 Bg4xh5
51.Kxh5 Kd4
52.Kg5 Ke4
53.Bg3f4 e2
54.Bf4d2 f4
55.Kg4 Kd3
56.Bd2e1 Kc2
57.Kf3 Kd3
58.Kxf4 Kc4
59.Ke3 Kb5
60.Kxe2 b6
61.axb6 Kxb6
{ draw }
1/2-1/2

[Event "Tourn. n8389"]
[Site "www.chess-mail.com"]
[Date "2015.11.10"]
[Round "1"]
[White "Sonivano"]
[Black "Snebur56"]
[WhiteElo "2330"]
[BlackElo "2510"]
[Result "1/2-1/2"]
[Round "1"]
1.e4 e5
2.Ng1f3 Nb8c6
3.Bf1c4 Bf8c5
4.c3 Ng8f6
5.d4 exd4
6.cxd4 Bc5b4
7.Nb1c3 Nf6xe4
8.O-O Bb4xc3
9.d5 Bc3f6
10.Rf1e1 Nc6e7
11.Re1xe4 d6
12.Bc1g5 Bf6xg5
13.Nf3xg5 h6
14.Qd1e2 Kf8
15.Ra1e1 hxg5
16.Re4xe7 Bc8d7
17.Bc4d3 Rh8h6
18.Qe2e3 g4
19.Qe3g5 c5
20.Bd3f5 Bd7xf5
21.Qg5xf5 Qd8xe7
22.Re1xe7 Kxe7
23.Qf5xg4 Rh6g6
24.Qg4a4 a6
25.Qa4a5 Ra8d8
26.g3 { draw }
1/2-1/2

[Event "Tourn. n8420"]
[Site "www.chess-mail.com"]
[Date "2015.11.10"]
[Round "1"]
[White "Emerchess"]
[Black "Fkarpov"]
[WhiteElo "1939"]
[BlackElo "2080"]
[Result "1/2-1/2"]
[Round "1"]
1.Ng1f3 d6
2.d4 e6
3.Bc1g5 Bf8e7
4.Bg5xe7 Ng8xe7
5.e4 O-O
6.Bf1d3 Nb8c6
7.O-O e5
8.dxe5 dxe5
9.h3 Bc8e6
10.Nb1c3 a6
11.a3 Qd8c8
12.Kh2 Ne7g6
13.Nf3g5 Ng6f4
14.Ng5xe6 Qc8xe6
15.Nc3d5 Qe6g6
16.Nd5xf4 exf4
17.e5 Qg6g5
18.Bd3e4 Nc6xe5
19.Ra1b1 c6
20.Rf1e1 Ra8d8
21.Qd1e2 Rf8e8
22.Rb1d1 f5
23.Rd1xd8 Re8xd8
24.Be4xf5 f3
25.gxf3 Qg5f4
26.Kg2 Rd8e8
27.Bf5e4 Qf4g5
28.Kh2 Kh8
29.Qe2d1 Qg5f4
30.Kg2 Qf4g5
31.Kh2 Qg5f4
{ draw }
1/2-1/2

[Event "Tourn. n8414"]
[Site "www.chess-mail.com"]
[Date "2015.11.10"]
[Round "1"]
[White "Fabos12"]
[Black "Lino"]
[WhiteElo "1670"]
[BlackElo "1799"]
[Result "0-1"]
[Round "1"]
1.Ng1f3 c5
2.c3 d5
3.d4 Ng8f6
4.Bc1g5 Qd8b6
5.Nb1d2 e6
6.Ra1b1 cxd4
7.cxd4 Nf6e4
8.Nd2xe4 dxe4
9.Nf3g1 Bf8b4
10.Bg5d2 Qb6xd4
11.Bd2xb4 Qd4xb4
12.Qd1d2 Qb4xd2
13.Kxd2 Ke7
14.e3 Nb8c6
15.f3 Rh8d8
16.Kc2 e5
17.fxe4 Bc8e6
18.b3 Nc6b4
19.Kb2 Ra8c8
20.Ng1f3 Rc8c2
21.Ka3 a5
 { time }
0-1

[Event "Tourn. n8442"]
[Site "www.chess-mail.com"]
[Date "2015.11.10"]
[Round "1"]
[White "Hundegana"]
[Black "Terrible"]
[WhiteElo "2010"]
[BlackElo "2260"]
[Result "1/2-1/2"]
[Round "1"]
1.e4 e5
2.Ng1f3 Nb8c6
3.Bf1b5 a6
4.Bb5xc6 dxc6
5.Nf3xe5 Qd8d4
6.Ne5f3 Qd4xe4
7.Qd1e2 Qe4xe2
8.Kxe2 Bc8g4
9.h3 Bg4h5
10.g4 Bh5g6
11.d3 f6
12.Rh1e1 O-O-O
13.Kf1 Bf8d6
14.Nb1c3 Ng8e7
15.Bc1d2 Rh8e8
16.a3 Ne7d5
17.Nc3xd5 cxd5
18.Re1xe8 Rd8xe8
19.Ra1e1 Re8xe1
20.Kxe1 Bg6f7
21.Ke2 c5
22.Nf3h4 g6
23.c3 Bd6e5
24.f4 Be5d6
25.Nh4f3 Kd7
26.h4 Bf7e6
27.Nf3h2 Kc6
28.Kf3 Kc7
{ draw }
1/2-1/2

[Event "Tourn. n8412"]
[Site "www.chess-mail.com"]
[Date "2015.11.10"]
[Round "1"]
[White "Cardiff"]
[Black "Vinvangogh"]
[WhiteElo "1780"]
[BlackElo "1600"]
[Result "1-0"]
[Round "1"]
1.e4 e5
2.Bf1c4 Qd8h4
3.d3 Ng8f6
4.Ng1f3 Qh4g4
5.Bc4xf7 Kxf7
6.Nf3xe5 Kg8
7.Ne5xg4 Nf6xg4
8.Qd1xg4 Bf8b4
9.c3 Nb8c6
10.cxb4 d5
11.Qg4f4 Nc6xb4
12.Qf4xc7 Nb4xd3
13.Ke2 Nd3b4
14.Qc7d8 Kf7
15.Qd8xh8 Bc8g4
16.f3 Ra8xh8
17.fxg4 Rh8f8
18.Rh1f1 Kg8
19.Rf1xf8 Kxf8
20.Nb1a3 dxe4
21.Bc1e3 Nb4c2
22.Na3xc2 g6
23.Ra1d1 Kf7
24.Rd1d7 Kf6
25.Rd7xh7 Ke5
26.Be3d4 Kf4
27.h3 a6
28.Rh7xb7 Kg3
29.Ke3 Kxg2
30.Kxe4 Kxh3
31.Kf4 Kh4
32.Rb7h7 { resign }
1-0

[Event "Tourn. n8357"]
[Site "www.chess-mail.com"]
[Date "2015.11.10"]
[Round "1"]
[White "Falcoale"]
[Black "Julian"]
[WhiteElo "1930"]
[BlackElo "1810"]
[Result "0-1"]
[Round "1"]
1.e4 c5
2.Ng1f3 d6
3.d4 cxd4
4.Nf3xd4 Ng8f6
5.Nb1c3 a6
6.Bf1e2 e5
7.Nd4f3 h6
8.h3 Bc8e6
9.O-O Nb8d7
10.b3 Ra8c8
11.Nf3h2 Rc8xc3
12.Bc1b2 Rc3c8
13.c4 Nd7b6
14.f3 Bf8e7
15.Rf1e1 O-O
16.Qd1c2 Nf6h5
17.Qc2d1 Nh5f4
18.Bb2c1 f5
19.Bc1xf4 exf4
20.exf5 Be6xf5
21.Be2d3 Bf5xd3
22.Qd1xd3 Be7f6
23.Ra1d1 Bf6e5
24.Nh2g4 Qd8g5
25.Ng4xe5 dxe5
26.Qd3d6 Rf8f6
27.Qd6e7 Kh7
28.Re1xe5 Qg5g6
29.Qe7xb7 a5
30.Re5e7 Nb6xc4
31.bxc4 Rc8xc4
32.Qb7b5 Rc4c2
33.g4 Rf6b6
34.Qb5e5 Rb6b2
35.h4 Rc2g2
36.Kf1 Rb2f2
37.Ke1 Rf2xf3
38.Rd1d7 Rf3e3
39.Qe5xe3 fxe3
40.g5 hxg5
41.h5 Qg6b1
{ resign }
0-1

[Event "Tourn. n8394"]
[Site "www.chess-mail.com"]
[Date "2015.11.10"]
[Round "1"]
[White "Falcoale"]
[Black "Pipas"]
[WhiteElo "1910"]
[BlackElo "1680"]
[Result "1-0"]
[Round "1"]
1.e4 e5
2.Ng1f3 Bf8d6
3.Bf1c4 Ng8f6
4.d3 Nb8c6
5.O-O O-O
6.Nb1c3 Bd6b4
7.Bc1d2 Bb4xc3
8.Bd2xc3 a6
9.a3 Nc6e7
10.Nf3xe5 d5
11.exd5 Nf6xd5
12.Qd1d2 Nd5xc3
13.Qd2xc3 Bc8e6
14.Ra1d1 b5
15.Bc4b3 Ne7d5
16.Bb3xd5 Be6xd5
17.Ne5c6 Qd8g5
18.g3 f5
19.Nc6e5 f4
20.Qc3c5 Qg5xe5
21.Rd1e1  { time }
1-0

[Event "Tourn. n8436"]
[Site "www.chess-mail.com"]
[Date "2015.11.10"]
[Round "1"]
[White "Luban"]
[Black "Sontuozio"]
[WhiteElo "2160"]
[BlackElo "2120"]
[Result "0-1"]
[Round "1"]
1.d4 d5
2.Ng1f3 Ng8f6
3.h3 e6
4.a3 Bf8d6
5.e3 c5
6.c4 Nb8c6
7.Nb1c3 a6
8.dxc5 Bd6xc5
9.b4 Bc5e7
10.Bc1b2 dxc4
11.Bf1xc4 b5
12.Bc4e2 Bc8b7
13.O-O O-O
14.Ra1c1 Qd8b6
15.Qd1b3 Rf8d8
16.Rf1d1 Ra8c8
17.Nc3a2 Nf6d5
18.Nf3d4 Nc6xd4
19.Bb2xd4 Qb6d6
20.Na2c3 Qd6b8
21.Nc3xd5 Bb7xd5
22.Qb3b2 f6
23.Rd1d3 Rc8xc1
24.Qb2xc1 Bd5c4
25.Rd3d2 Rd8c8
26.Rd2c2 Qb8c7
27.e4 e5
28.Bd4e3 Qc7c6
29.f3 Qc6e6
30.f4 exf4
31.Be2g4 Qe6xe4
32.Be3xf4 Rc8f8
33.Rc2e2 Bc4xe2
{ resign }
0-1

[Event "Tourn. n8344"]
[Site "www.chess-mail.com"]
[Date "2015.11.10"]
[Round "1"]
[White "Jhw"]
[Black "Ditto"]
[WhiteElo "2039"]
[BlackElo "1840"]
[Result "1-0"]
[Round "1"]
1.d4 e6
2.c4 c5
3.Ng1f3 d5
4.cxd5 Qd8xd5
5.Nb1c3 Qd5d8
6.e4 Nb8c6
7.d5 exd5
8.exd5 Nc6b8
9.Nf3e5 Bf8d6
10.Bc1f4 Ng8f6
11.Qd1e2 O-O
12.O-O-O Bc8f5
13.h3 Rf8e8
14.Qe2b5 b6
15.Rd1e1 a6
16.Qb5e2 Qd8c7
17.g4 Bf5c8
18.Qe2d3 Bd6xe5
19.Bf4xe5 Qc7e7
20.Bf1g2 Ra8a7
21.Be5xb8 Ra7d7
22.Re1xe7 Rd7xe7
23.g5 Nf6d7
24.Bb8d6 Nd7e5
25.Qd3g3 Re7a7
26.Bd6xe5 Bc8f5
27.d6 c4
28.Rh1d1 b5
29.Nc3d5 Bf5e6
30.Nd5c7 Re8d8
31.Be5d4 Ra7b7
32.Bg2xb7 Kf8
33.Nc7xe6 fxe6
34.Bd4e5 g6
35.Qg3f4 Kg8
36.Qf4f6 Rd8d7
37.Qf6h8 Kf7
38.Qh8xh7 Ke8
39.Qh7g8 
1-0

[Event "Tourn. n8381"]
[Site "www.chess-mail.com"]
[Date "2015.11.10"]
[Round "1"]
[White "Tomcapp"]
[Black "Cheminet"]
[WhiteElo "1680"]
[BlackElo "1600"]
[Result "0-1"]
[Round "1"]
1.e4 c5
2.Bf1c4 e6
3.e5 Nb8c6
4.Ng1f3 d5
5.exd6 Bf8xd6
6.d3 b6
7.Nb1c3 Ng8f6
8.Nc3e4 h6
9.Ne4xf6 Qd8xf6
10.c3 O-O
11.d4 cxd4
12.cxd4 Nc6a5
13.b3 Bc8b7
14.Bc1b2 Bd6b4
15.Nf3d2 Bb7xg2
16.Rh1g1 Bg2f3
17.Bc4e2 Ra8c8
18.Be2xf3 Bb4xd2
19.Qd1xd2 Qf6xf3
20.Qd2e2 Qf3xe2
21.Kxe2 Rc8c2
22.Kf3 Rc2xb2
23.h4 h5
24.Ke4 Rb2c2
25.Rg1g5 g6
26.Kd3 Rc2xf2
27.b4 Na5c6
28.b5 Nc6b4
29.Kc4 Nb4d5
30.a4 Rf8c8
31.Kd3 Rc8c3
32.Ke4 Rc3e3
{ resign }
0-1

[Event "Tourn. n8439"]
[Site "www.chess-mail.com"]
[Date "2015.11.10"]
[Round "1"]
[White "Hundegana"]
[Black "Sfalcao"]
[WhiteElo "2010"]
[BlackElo "2020"]
[Result "0-1"]
[Round "1"]
1.e4 c5
2.e5 Nb8c6
3.f4 d5
4.d3 h5
5.Nb1d2 Ng8h6
6.Qd1xh5 Bc8g4
7.Qh5h4 Nc6d4
8.Ra1b1 Nd4xc2
9.Kf2 Qd8b6
10.Ng1f3 c4
11.Ke2 Nc2d4
12.Kd1 Nd4f5
13.Qh4e1 Nf5e3
14.Ke2 cxd3
15.Kxd3 Bg4f5
16.Ke2 Nh6g4
17.Nd2b3 Qb6b5
18.Kd2 Qb5b4
19.Ke2 Qb4c4
20.Kd2 Qc4c2
{ resign }
0-1

[Event "Tourn. n8331"]
[Site "www.chess-mail.com"]
[Date "2015.11.10"]
[Round "1"]
[White "Geretree"]
[Black "Azulmarino"]
[WhiteElo "1870"]
[BlackElo "1660"]
[Result "1-0"]
[Round "1"]
1.d4 d5
2.c4 Ng8f6
3.Ng1f3 Bc8f5
4.c5 Nb8c6
5.Bc1d2 h6
6.e3 e6
7.Bf1b5 a6
8.Bb5xc6 bxc6
9.Nf3e5 Nf6e4
10.Nb1c3 g6
11.Ne5xc6 Qd8g5
12.Nc3xe4 Bf5xe4
13.Rh1g1 Be4xg2
14.e4 Qg5h4
15.Qd1e2 Bg2xe4
16.Qe2g4 Qh4xg4
17.Rg1xg4 Bf8g7
18.Bd2e3 a5
19.a4 Be4f3
20.Rg4g1 Ra8a6
21.Nc6e5 Bg7xe5
22.dxe5 c6
23.h4 h5
24.Kd2 Bf3e4
25.Be3g5 O-O
26.Rg1f1 Rf8b8
27.Ra1a2 Rb8b3
28.Bg5d8 Be4f3
29.Kc2 Rb3b4
30.Ra2a3 Bf3e4
31.Kc3 Ra6a8
32.Bd8b6 d4
33.Kd2 Rb4xb2
34.Ke1 d3
35.f3 Be4d5
36.Rf1f2 Rb2b1
37.Kd2 Rb1b2
38.Ke3 Rb2xf2
39.Kxf2 d2
40.Ke2 f5
41.f4 Ra8b8
42.Kxd2 Rb8b7
43.Kc3 Rb7d7
44.Bb6xa5 Bd5e4
45.Kc4 Rd7d1
46.Ba5b4 Rd1h1
47.a5 Rh1xh4
48.a6 Be4d5
49.Kc3 Rh4h3
50.Kd2 Rh3h2
51.Ke1 Bd5c4
52.a7 { resign }
1-0

[Event "Match"]
[Site "www.echecsemail.com"]
[Date "2015.11.10"]
[Round "1"]
[White "Jhw"]
[Black "Pellix84"]
[WhiteElo "1930"]
[BlackElo "2010"]
[Result "1/2-1/2"]
[Round "1"]
1.c4 e5
2.e4 Bf8c5
3.Ng1f3 Nb8c6
4.a3 a5
5.b3 d6
6.h3 h6
7.Bc1b2 Bc8e6
8.d4 exd4
9.Bb2xd4 Nc6xd4
10.Nf3xd4 Qd8f6
11.Ra1a2 Ng8e7
12.Ra2d2 Ne7g6
13.g3 Ng6e5
14.f4 Bc5xd4
15.Rd2xd4 Ne5f3
16.Qd1xf3 Qf6xd4
17.Nb1d2 Qd4a1
18.Ke2 Qa1xa3
19.e5 O-O
20.Qf3xb7 Ra8b8
21.Qb7xc7 dxe5
22.fxe5 Rb8xb3
23.Nd2xb3 Qa3xb3
24.Qc7xa5 Be6xc4
25.Kf2 { draw }
1/2-1/2

[Event "Match"]
[Site "www.echecsemail.com"]
[Date "2015.11.10"]
[Round "1"]
[White "Pare123"]
[Black "Cardiff"]
[WhiteElo "1990"]
[BlackElo "1780"]
[Result "0-1"]
[Round "1"]
1.c4 e6
2.d4 d5
3.c5 b6
4.b4 a5
5.Qd1a4 Bc8d7
6.Qa4a3 bxc5
7.bxc5 Nb8c6
8.e3 e5
9.Ng1f3 e4
10.Nf3d2 Nc6b4
11.Qa3c3 Ng8f6
12.a3 Nb4c6
13.Bf1e2 Bf8e7
14.O-O O-O
15.f3 exf3
16.Be2xf3 Bd7e6
17.Bf3e2 Nf6e4
18.Nd2xe4 dxe4
19.Bc1b2 Be7f6
20.Nb1d2 Be6d5
21.Qc3c1 Ra8b8
22.Ra1b1 g6
23.Bb2c3 Bf6g7
24.Be2c4 Rb8xb1
25.Qc1xb1 f5
26.Qb1b5 Bd5xc4
27.Nd2xc4 Qd8e8
28.Nc4xa5 Nc6xa5
29.Qb5xa5 Qe8d7
30.Qa5b4 g5
31.Qb4c4 Kh8
32.c6 Qd7d6
33.a4 f4
34.exf4 gxf4
35.Rf1d1 f3
36.gxf3 exf3
37.Bc3b4 f2
38.Kg2 Qd6g6
39.Kf1 Qg6g1
40.Ke2 f1Q
{ resign }
0-1

[Event "Match"]
[Site "www.echecsemail.com"]
[Date "2015.11.10"]
[Round "1"]
[White "Susov"]
[Black "Genius7"]
[WhiteElo "1860"]
[BlackElo "1730"]
[Result "1/2-1/2"]
[Round "1"]
1.e4 c5
2.Ng1f3 Nb8c6
3.d4 cxd4
4.Nf3xd4 e5
5.Nd4xc6 bxc6
6.Bf1c4 Ng8f6
7.Nb1c3 Bf8b4
8.Qd1f3 O-O
9.Bc1d2 d5
10.exd5 Bb4xc3
11.Bd2xc3 cxd5
12.Bc4b3 Rf8e8
13.O-O Bc8a6
14.Rf1e1 d4
15.Bc3d2 e4
16.Qf3g3 Nf6h5
17.Qg3g5 Qd8xg5
18.Bd2xg5 h6
{ draw }
1/2-1/2

[Event "Match"]
[Site "www.echecsemail.com"]
[Date "2015.11.10"]
[Round "1"]
[White "Goosebumps"]
[Black "Gimmyg"]
[WhiteElo "2100"]
[BlackElo "2450"]
[Result "1/2-1/2"]
[Round "1"]
1.e4 Nb8c6
2.d4 d5
3.exd5 Qd8xd5
4.Ng1f3 e5
5.c4 Qd5e4
6.Bc1e3 exd4
7.Nf3xd4 Nc6xd4
8.Qd1xd4 Qe4xd4
9.Be3xd4 Bc8f5
10.Bf1e2 O-O-O
11.Bd4c3 Ng8e7
12.O-O Ne7c6
13.Nb1d2 Bf8b4
14.Bc3xb4 Nc6xb4
15.Nd2f3 Rh8e8
16.Be2d1 Bf5d3
17.Rf1e1 Bd3xc4
18.a3 Nb4d3
19.Re1xe8 Rd8xe8
20.b3 Bc4d5
{ draw }
1/2-1/2

[Event "Match"]
[Site "www.echecsemail.com"]
[Date "2015.11.10"]
[Round "1"]
[White "Carlosto"]
[Black "Rocio"]
[WhiteElo "1490"]
[BlackElo "1949"]
[Result "0-1"]
[Round "1"]
1.d4 d5
2.Ng1f3 Bc8g4
3.Nf3e5 Bg4h5
4.Nb1c3 Ng8f6
5.f3 c5
6.e3 e6
7.g4 Bh5g6
8.Ne5xg6 hxg6
9.e4 Nb8c6
10.dxc5 Bf8xc5
11.Nc3a4 Qd8a5
12.Qd1d2 Qa5xa4
13.e5 Nc6xe5
14.Qd2e2 Nf6d7
15.b3 Qa4d4
16.Ra1b1 Qd4c3
17.Kd1 Qc3xf3
18.Qe2xf3 Ne5xf3
19.b4 Bc5d4
20.Bf1g2 Nf3e5
21.Rh1f1 Ne5xg4
22.Rf1f4 Ng4e3
23.Ke2 Ne3xc2
24.Kd3 Nc2e1
{ resign }
0-1

[Event "Match"]
[Site "www.echecsemail.com"]
[Date "2015.11.10"]
[Round "1"]
[White "Daviko"]
[Black "Wilddog"]
[WhiteElo "1530"]
[BlackElo "1390"]
[Result "1-0"]
[Round "1"]
1.e4 e5
2.Ng1f3 d6
3.Bf1b5 Bc8d7
4.Bb5c4 Ng8h6
5.Nf3g5 Qd8xg5
6.O-O Bd7c6
7.d4 Qg5f6
8.dxe5 Qf6xe5
9.Rf1e1 Bc6xe4
10.f3 Be4g6
11.Re1xe5 dxe5
12.Bc4b5 Nb8c6
13.Nb1c3 Bf8c5
14.Kf1 O-O
15.Nc3d5 Ra8d8
16.c4 a6
17.Bb5a4 e4
18.Qd1e2 f5
19.Bc1f4 Nc6d4
20.Qe2e3 c6
21.Bf4c7 Nd4c2
22.Qe3xc5 Nc2xa1
23.Bc7xd8 Rf8xd8
24.fxe4 cxd5
25.Qc5c7 Rd8f8
26.c5 fxe4
27.Ke2 Nh6g4
28.Qc7d7 e3
29.Qd7xg4 Na1c2
30.Qg4e6 Rf8f7
31.Qe6xd5 Kf8
32.Qd5d8 { resign }
1-0

[Event "Match"]
[Site "www.echecsemail.com"]
[Date "2015.11.10"]
[Round "1"]
[White "Farnation"]
[Black "Crush"]
[WhiteElo "1220"]
[BlackElo "1550"]
[Result "0-1"]
[Round "1"]
1.e4 e5
2.Bf1c4 d6
3.Qd1f3 Ng8f6
4.d4 exd4
5.Bc1g5 h6
6.Bg5h4 Nb8c6
7.Ng1h3 Bc8xh3
8.Qf3xh3 g5
9.e5 dxe5
10.O-O gxh4
11.f4 Rh8g8
12.Qh3xh4 Nc6b4
13.fxe5 Nb4xc2
14.Nb1d2 Nc2xa1
15.Rf1xa1 Qd8e7
16.Ra1f1 Qe7xe5
17.Nd2f3 Qe5e3
18.Rf1f2 Nf6g4
{ resign }
0-1

[Event "Match"]
[Site "www.echecsemail.com"]
[Date "2015.11.10"]
[Round "1"]
[White "Darknight"]
[Black "Pinehill"]
[WhiteElo "1710"]
[BlackElo "2040"]
[Result "0-1"]
[Round "1"]
1.e4 d5
2.e5 c5
3.Nb1c3 Bc8f5
4.h3 e6
5.d3 Nb8c6
6.Bc1f4 Bf8e7
7.g3 h5
8.h4 Ng8h6
9.f3 a6
10.Ng1e2 Qd8c7
11.a3 Nc6xe5
12.Bf4xe5 Qc7xe5
13.Qd1d2 b5
14.O-O-O Qe5c7
15.Bf1g2 O-O-O
16.d4 c4
17.Ne2f4 g5
18.Nf4xh5 gxh4
19.g4 Bf5g6
20.Nh5f4 Be7g5
21.Nc3e2 Rh8e8
22.Kb1 a5
23.Rd1c1 b4
24.Ka2 Bg6xc2
25.b3 Bc2xb3
26.Ka1 c3
27.Qd2e3 Bb3c4
28.Nf4xd5 Bg5xe3
29.Nd5xc7 Be3xc1
30.Nc7xe8 Bc1b2
31.Kb1 Bc4xe2
32.Ne8f6 b3
33.Bg2f1 Be2xf3
34.Bf1a6 Kb8
35.Rh1h3 Rd8xd4
36.Ba6e2 Bf3xe2
37.Rh3xc3 Bb2xc3
38.g5 Rd4d1

0-1